| 000 | 00554nam a22001937a 4500 | ||
|---|---|---|---|
| 003 | OSt | ||
| 005 | 20260210131040.0 | ||
| 008 | 251215b |||||||| |||| 00| 0 eng d | ||
| 020 | _a9780340655399 | ||
| 040 | _cOutspan Global University | ||
| 050 |
_aBF121 _b.G76 1998 |
||
| 100 |
_a Gross Richard _eAuthors |
||
| 245 |
_aPsychology _bA New Introduction _cby Gross Richard and McIlveen Rob |
||
| 250 | _a1st | ||
| 260 |
_aGreat Britain _bGreenGate Publishing Services _cc1998 |
||
| 300 | _a818p | ||
| 700 |
_aMcIlveen Rob _eAuthor |
||
| 942 |
_2lcc _cBK _n0 |
||
| 999 |
_c3448 _d3448 |
||